Southville International School and Colleges
Your cart is empty.
  • Cart
  • Lists
    Public lists Eva Luna New books Lux_list list_1
    Your lists Log in to create your own lists
  • Log in to your account
  • Your cookies
  • Search history
Southville International School and Colleges
  • Advanced search
  • Recent comments
  • Most popular
  • Libraries

Log in to your account

Log in with GOOGLE


If you do not have an external account, but do have a local account, you can still log in:

  1. Home
  2. MARC view: The behaviour management toolkit :
Normal view MARC view ISBD view

The behaviour management toolkit : (Record no. 25857)

[ view plain ]
MARC details
000 -LEADER
fixed length control field 00764nam a22002177a 4500
005 - DATE AND TIME OF LATEST TRANSACTION
control field 20140313100407.0
008 - FIXED-LENGTH DATA ELEMENTS--GENERAL INFORMATION
fixed length control field 131217b xxu||||| |||| 00| 0 eng d
020 ## - INTERNATIONAL STANDARD BOOK NUMBER
International Standard Book Number 9781446210758
050 ## - LIBRARY OF CONGRESS CALL NUMBER
Classification number LB 1060.2
Item number .P264 2012
100 ## - MAIN ENTRY--PERSONAL NAME
Personal name Parry-mitchell, Chris.
245 ## - TITLE STATEMENT
Title The behaviour management toolkit :
Remainder of title avoiding exclusion at school /
Statement of responsibility, etc Chris Parry-Mitchell.
260 ## - PUBLICATION, DISTRIBUTION, ETC. (IMPRINT)
Place of publication, distribution, etc Los Angeles :
Name of publisher, distributor, etc Sage Publications,
Date of publication, distribution, etc 2012.
300 ## - PHYSICAL DESCRIPTION
Extent xiv, 121 p. :
Other physical details ill. ;
Dimensions 30 cm. +
Accompanying material 1 CD-ROM (4 3/4 in.).
504 ## - BIBLIOGRAPHY, ETC. NOTE
Bibliography, etc Includes Bibliographic References.
521 ## - TARGET AUDIENCE NOTE
Target audience note
650 ## - SUBJECT ADDED ENTRY--TOPICAL TERM
Topical term or geographic name as entry element Teacher participation in educational counseling.
650 ## - SUBJECT ADDED ENTRY--TOPICAL TERM
Topical term or geographic name as entry element Students
General subdivision Psychology.
650 ## - SUBJECT ADDED ENTRY--TOPICAL TERM
Topical term or geographic name as entry element Social isolation
General subdivision Prevention.
942 ## - ADDED ENTRY ELEMENTS (KOHA)
Source of classification or shelving scheme Library of Congress Classification
Koha item type Books
Call number prefix Foreign
Holdings
Withdrawn status Lost status Source of classification or shelving scheme Damaged status Home library Current library Shelving location Date acquired Source of acquisition Total Checkouts Full call number Barcode Date last seen Copy number Price effective from Koha item type
    Library of Congress Classification   College Library College Library Reserve Section 12/17/2013 Donation   LB 3013 .P265 2012 C17325 05/15/2018 1 12/17/2013 Books

The behaviour management toolkit :

APA

Parry-mitchell C., . (2012). The behaviour management toolkit. Los Angeles: Sage Publications.

Chicago

Parry-mitchell Chris, . 2012. The behaviour management toolkit. Los Angeles: Sage Publications.

Harvard

Parry-mitchell C., . (2012). The behaviour management toolkit. Los Angeles: Sage Publications.

MLA

Parry-mitchell Chris, . The behaviour management toolkit. Los Angeles: Sage Publications. 2012.

  • Place hold
  • Print
  • Cite
  • Add to your cart (remove)
  • Save record
    BIBTEX Dublin Core MARCXML MARC (non-Unicode/MARC-8) MARC (Unicode/UTF-8) MARC (Unicode/UTF-8, Standard) MODS (XML) RIS
  • More searches
    Search for this title in:
    Other Libraries (WorldCat) Other Databases (Google Scholar) Online Stores (Bookfinder.com) Open Library (openlibrary.org)

Exporting to Dublin Core...

SOUTHVILLE LIBRARY

Southville International School and Colleges Library

1281 Tropical Ave. Cor. Luxembourg St., BF Homes International, Las Pinas City

Tel. No. 8256374 / 252358 Loc. 117/146

Powered by Koha